[Event "GER-chT U16 Girls"]
[Site "Neumuenster"]
[Date "2022.12.29"]
[Round "5"]
[White "Arnold, Rubina"]
[Black "Sinner, Joselyne"]
[Result "0-1"]
[WhiteElo "1415"]
[BlackElo "1450"]
[PlyCount "84"]
[EventDate "2022.12.26"]
[EventType "team-swiss"]
[EventRounds "7"]
[EventCountry "GER"]
[SourceTitle "CBM 212 Extra"]
[Source "ChessBase"]
[SourceDate "2023.03.31"]
[SourceVersion "1"]
[SourceVersionDate "2023.03.31"]
[SourceQuality "1"]
[WhiteTeam "Oberschoeneweide"]
[BlackTeam "Porz SG"]
[WhiteTeamCountry "GER"]
[BlackTeamCountry "GER"]

1. Nf3 Nf6 2. c4 g6 3. b3 Bg7 4. Bb2 0-0 5. g3 d6 6. Bg2 c6 7. 0-0 Bf5 8. d3 Qd7 9. Re1 Na6 10. e4 Bg4 11. d4 d5 12. Ne5 Bxd1 13. Nxd7 Nxd7 14. Rxd1 Nb4 15. Na3 e6 16. cxd5 cxd5 17. e5 Rfc8 18. Nb5 Rc2 19. a3 Rxb2 20. axb4 Rxb3 21. Rab1 Rxb1 22. Rxb1 Bf8 23. Rc1 Bxb4 24. Rc7 Nb6 25. Rxb7 Nc4 26. Nxa7 Bc3 27. Nb5 Ra1+ 28. Bf1 Rb1 29. Nd6 Rxb7 30. Nxb7 Bxd4 31. Bxc4 dxc4 32. Na5 c3 33. Nb3 c2 34. Kf1 Bb2 35. f4 c1Q+ 36. Nxc1 Bxc1 37. Kf2 h5 38. Kf3 Kg7 39. Ke4 Bd2 40. h3 g5 41. f5 g4 42. h4 Bc1 0-1

[Event "GER-chT U16 Girls"]
[Site "Neumuenster"]
[Date "2022.12.29"]
[Round "6"]
[White "Henzel, Leonie"]
[Black "Arnold, Rubina"]
[Result "0-1"]
[WhiteElo "1275"]
[BlackElo "1415"]
[PlyCount "74"]
[EventDate "2022.12.26"]
[EventType "team-swiss"]
[EventRounds "7"]
[EventCountry "GER"]
[SourceTitle "CBM 212 Extra"]
[Source "ChessBase"]
[SourceDate "2023.03.31"]
[SourceVersion "1"]
[SourceVersionDate "2023.03.31"]
[SourceQuality "1"]
[WhiteTeam "Paderborn Akademie"]
[BlackTeam "Oberschoeneweide"]
[WhiteTeamCountry "GER"]
[BlackTeamCountry "GER"]

1. d4 Nf6 2. g3 c5 3. Nf3 cxd4 4. Qxd4 Nc6 5. Qd1 e5 6. Bg2 Bc5 7. Nc3 d5 8. Bg5 d4 9. Ne4 Be7 10. Nxf6+ Bxf6 11. Bxf6 Qxf6 12. 0-0 0-0 13. Nd2 Bf5 14. Ne4 Qg6 15. f3 Ne7 16. c3 Nd5 17. Qd3 Ne3 18. Rfe1 Bxe4 19. Qxe4 Qxe4 20. fxe4 Nc2 21. cxd4 Nxe1 22. Rxe1 exd4 23. Rd1 Rad8 24. Rc1 Rc8 25. Rd1 Rfd8 26. e5 b6 27. Bh3 Rc2 28. e6 fxe6 29. Bxe6+ Kf8 30. e3 d3 31. Bb3 Rxb2 32. Rf1+ Ke7 33. Rf7+ Kd6 34. Rf4 d2 35. Rd4+ Kc7 36. Kf2 Rxd4 37. exd4 d1Q+ 0-1

[Event "GER-ch U14 Girls"]
[Site "Willingen"]
[Date "2021.08.25"]
[Round "4"]
[White "Marrufo, Emilia"]
[Black "Arnold, Rubina"]
[Result "0-1"]
[WhiteElo "1020"]
[BlackElo "1498"]
[PlyCount "80"]
[EventDate "2021.08.22"]
[EventType "swiss"]
[EventRounds "9"]
[EventCountry "GER"]
[SourceTitle "EXT 2022"]
[Source "ChessBase"]
[SourceDate "2021.10.06"]
[SourceVersion "1"]
[SourceVersionDate "2021.10.06"]
[SourceQuality "1"]

1. d4 Nf6 2. Bf4 d5 3. e3 c5 4. c3 Nc6 5. Nf3 Qb6 6. b3 Bf5 7. Nbd2 e6 8. Be2 Be7 9. Ne5 Nxe5 10. Bxe5 0-0 11. Nf3 Rfc8 12. 0-0 c4 13. b4 a5 14. a3 axb4 15. axb4 Ra6 16. Qd2 Rca8 17. Qb2 Qa7 18. Rxa6 Qxa6 19. Bf4 Ne4 20. Ne5 Qa3 21. Qxa3 Rxa3 22. Nd7 Nxc3 23. Bf3 Bxb4 24. Rc1 Na2 25. Rb1 Bxb1 26. h3 c3 27. Ne5 c2 28. Nd3 Rxd3 29. Kh2 c1Q 30. Kg3 Qc6 31. Kh2 Bd6 32. g3 Bxf4 33. gxf4 Rd2 34. Kg3 Qc2 35. Kg4 Rxf2 36. Kg3 Rh2 37. Kh4 Qf2+ 38. Kg4 Bf5+ 39. Kg5 Rxh3 40. Bd1 f6# 0-1

[Event "GER-ch U14 Girls"]
[Site "Willingen"]
[Date "2021.08.24"]
[Round "3"]
[White "Arnold, Rubina"]
[Black "Reich, Elisabeth"]
[Result "0-1"]
[WhiteElo "1498"]
[BlackElo "1368"]
[PlyCount "104"]
[EventDate "2021.08.22"]
[EventType "swiss"]
[EventRounds "9"]
[EventCountry "GER"]
[SourceTitle "EXT 2022"]
[Source "ChessBase"]
[SourceDate "2021.10.06"]
[SourceVersion "1"]
[SourceVersionDate "2021.10.06"]
[SourceQuality "1"]

1. e4 c5 2. Nf3 d6 3. d4 cxd4 4. Nxd4 Nf6 5. f3 g6 6. c4 Bg7 7. Nc3 Nc6 8. Be3 Bd7 9. Qd2 a6 10. Be2 Rb8 11. 0-0 0-0 12. a3 Nxd4 13. Bxd4 b5 14. b4 bxc4 15. Bxc4 Bb5 16. Bxb5 axb5 17. Qe2 Qd7 18. a4 bxa4 19. Rxa4 Nd5 20. Nb5 Qxb5 21. Qxb5 Bxd4+ 22. Kh1 Rxb5 23. exd5 Bc3 24. Ra3 Bd4 25. Rb3 Rfb8 26. Rfb1 Bc5 27. g3 Rxb4 28. Rxb4 Rxb4 29. Re1 Kf8 30. Rd1 Rd4 31. Rxd4 Bxd4 32. Kg2 e6 33. dxe6 fxe6 34. f4 e5 35. fxe5 Bxe5 36. Kf3 d5 37. h3 Ke7 38. g4 d4 39. Ke4 Ke6 40. Kd3 Kd5 41. Kd2 Ke4 42. Ke2 d3+ 43. Kd1 Ke3 44. h4 d2 45. h5 gxh5 46. gxh5 h6 47. Kc2 Ke2 48. Kb3 d1Q+ 49. Kc4 Qd4+ 50. Kb3 Kd2 51. Ka3 Qb6 52. Ka4 Kc3 0-1

[Event "GER-chT U14 Girls"]
[Site "Willingen"]
[Date "2021.06.26"]
[Round "5.3"]
[White "Foos, Vanessa"]
[Black "Arnold, Rubina"]
[Result "0-1"]
[WhiteElo "1380"]
[BlackElo "1442"]
[PlyCount "72"]
[EventDate "2021.06.23"]
[EventType "team-swiss"]
[EventRounds "7"]
[EventCountry "GER"]
[SourceTitle "EXT 2022"]
[Source "ChessBase"]
[SourceDate "2021.10.06"]
[SourceVersion "1"]
[SourceVersionDate "2021.10.06"]
[SourceQuality "1"]
[WhiteTeam "Norderstedt"]
[BlackTeam "Oberschoeneweide"]
[WhiteTeamCountry "GER"]
[BlackTeamCountry "GER"]

1. d4 Nf6 2. c4 e5 3. dxe5 Ng4 4. Nf3 Nc6 5. e3 Ngxe5 6. Nxe5 Nxe5 7. Be2 b6 8. Qd5 Nc6 9. b3 Qf6 10. Qe4+ Be7 11. Ba3 Qxa1 12. Bxe7 Nxe7 13. Qxa8 Qxb1+ 14. Bd1 Qxa2 15. 0-0 0-0 16. Qb8 c6 17. Qd6 Ng6 18. Qd3 Qa5 19. Bc2 d5 20. cxd5 Qxd5 21. Qe2 Be6 22. Rb1 Qb5 23. Bd3 Qc5 24. Qd2 Rd8 25. Qc2 Qxc2 26. Bxc2 a5 27. f4 f5 28. g4 Ne7 29. gxf5 Nxf5 30. Bxf5 Bxf5 31. Rc1 Be4 32. Rc3 b5 33. Kf2 Rd3 34. Rxd3 Bxd3 35. Ke1 Bc2 36. Kd2 Bxb3 0-1

[Event "GER-ch U12 Girls"]
[Site "Willingen"]
[Date "2020.10.29"]
[Round "4"]
[White "Glotz, Diana"]
[Black "Arnold, Rubina"]
[Result "0-1"]
[WhiteElo "1098"]
[BlackElo "1414"]
[PlyCount "72"]
[EventDate "2020.10.26"]
[EventType "swiss"]
[EventRounds "7"]
[EventCountry "GER"]
[SourceTitle "CBM 199 Extra"]
[Source "ChessBase"]
[SourceDate "2021.01.31"]
[SourceVersion "1"]
[SourceVersionDate "2021.01.31"]
[SourceQuality "1"]

1. c4 f5 2. Nc3 Nf6 3. g3 g6 4. Bg2 Bg7 5. e3 0-0 6. Nge2 d6 7. d4 c6 8. b4 Bd7 9. b5 Qc7 10. 0-0 Be8 11. Bb2 Bf7 12. bxc6 Nxc6 13. d5 Ne5 14. Qc2 Qxc4 15. Rfd1 b5 16. Rd4 Qc5 17. Qb3 a6 18. Nf4 Rac8 19. Qb4 Qxb4 20. Rxb4 g5 21. Ne6 Bxe6 22. dxe6 Nd3 23. Rb3 Nxb2 24. Rxb2 Rxc3 25. Re2 Rfc8 26. Bb7 Rc1+ 27. Rxc1 Rxc1+ 28. Kg2 a5 29. Rd2 Rc7 30. Ba6 b4 31. Be2 Ne4 32. Rd3 Rc2 33. Kf1 Nc3 34. Bd1 Nxd1 35. Rxd1 Rxa2 36. Rd5 b3 0-1

[Event "GER-ch U25-C"]
[Site "Willingen"]
[Date "2019.06.12"]
[Round "6"]
[White "Mylke, Sandy Michelle"]
[Black "Arnold, Rubina"]
[Result "1-0"]
[WhiteElo "1238"]
[BlackElo "1329"]
[PlyCount "49"]
[EventDate "2019.06.08"]
[EventType "swiss"]
[EventRounds "9"]
[EventCountry "GER"]
[SourceTitle "CBM 191 Extra"]
[Source "ChessBase"]
[SourceDate "2019.09.30"]
[SourceVersion "1"]
[SourceVersionDate "2019.09.30"]
[SourceQuality "1"]

1. d4 Nf6 2. g3 e6 3. Nf3 c5 4. Bg2 Nc6 5. 0-0 d5 6. c4 Be7 7. Be3 b6 8. Ne5 Nxd4 9. Bxd4 cxd4 10. cxd5 Nxd5 11. Qxd4 0-0 12. Rd1 Bc5 13. Qd2 Qf6 14. Ng4 Qf5 15. h3 Bb7 16. e4 Qg6 17. exd5 exd5 18. Ne5 Qf6 19. Nd7 Qe6 20. Nxf8 Rxf8 21. Bxd5 Bxd5 22. Qxd5 Qxh3 23. Qg2 Qg4 24. Nc3 Qb4 25. Rab1 1-0

[Event "GER-ch U25-C"]
[Site "Willingen"]
[Date "2019.06.11"]
[Round "4"]
[White "Gerdes, Jesko"]
[Black "Arnold, Rubina"]
[Result "0-1"]
[WhiteElo "1106"]
[BlackElo "1329"]
[PlyCount "50"]
[EventDate "2019.06.08"]
[EventType "swiss"]
[EventRounds "9"]
[EventCountry "GER"]
[SourceTitle "CBM 191 Extra"]
[Source "ChessBase"]
[SourceDate "2019.09.30"]
[SourceVersion "1"]
[SourceVersionDate "2019.09.30"]
[SourceQuality "1"]

1. d4 Nf6 2. g3 d5 3. Nf3 Nc6 4. Bg2 Bf5 5. 0-0 e6 6. Bf4 Bd6 7. Bxd6 Qxd6 8. c3 0-0 9. Nbd2 e5 10. Nb3 b6 11. Qd2 a5 12. a4 e4 13. Nh4 Bg4 14. f3 Bh5 15. Nf5 Qe6 16. Qg5 Bg6 17. Nh4 h6 18. Qf4 Rac8 19. Nxg6 fxg6 20. Qe3 Rce8 21. fxe4 dxe4 22. Nd2 Ne7 23. Nxe4 Nxe4 24. Bxe4 Nf5 25. Rxf5 gxf5 0-1

[Event "GER-ch U10 Girls"]
[Site "Willingen"]
[Date "2016.05.21"]
[Round "11"]
[White "Arnold, Rubina"]
[Black "Tolpa, Amelie"]
[Result "0-1"]
[WhiteElo "755"]
[BlackElo "808"]
[PlyCount "74"]
[EventDate "2016.05.15"]
[EventType "swiss"]
[EventRounds "11"]
[EventCountry "GER"]
[SourceTitle "CBM 172 Extra"]
[Source "ChessBase"]
[SourceDate "2016.06.21"]
[SourceVersion "1"]
[SourceVersionDate "2016.06.21"]
[SourceQuality "1"]

1. Nf3 Nc6 2. g3 e5 3. d3 Bb4+ 4. Bd2 Bc5 5. Bg2 Nf6 6. 0-0 0-0 7. Nc3 Bd6 8. Na4 Bb4 9. Bxb4 Nxb4 10. Qd2 a5 11. a3 Nbd5 12. c4 Nb6 13. Nxb6 cxb6 14. b4 a4 15. Qc2 Ng4 16. c5 d5 17. h3 Nh6 18. Nxe5 Qf6 19. Nf3 Nf5 20. d4 Nxd4 21. Nxd4 Qxd4 22. e3 Qf6 23. Bxd5 Bxh3 24. Rfd1 Rab8 25. Qxa4 Qf5 26. cxb6 Rfd8 27. Bxb7 Qf6 28. Rac1 Rxb7 29. Rc6 Qe7 30. Qc2 Rbb8 31. b5 h6 32. Rc3 g6 33. a4 Qf6 34. a5 Qf3 35. Rxd8+ Rxd8 36. Qxg6+ fxg6 37. Rc8 Qg2# 0-1

[Event "GER-ch U10 Girls"]
[Site "Willingen"]
[Date "2016.05.19"]
[Round "8"]
[White "Peglau, Dora"]
[Black "Arnold, Rubina"]
[Result "0-1"]
[WhiteElo "1066"]
[BlackElo "755"]
[PlyCount "62"]
[EventDate "2016.05.15"]
[EventType "swiss"]
[EventRounds "11"]
[EventCountry "GER"]
[SourceTitle "CBM 172 Extra"]
[Source "ChessBase"]
[SourceDate "2016.06.21"]
[SourceVersion "1"]
[SourceVersionDate "2016.06.21"]
[SourceQuality "1"]

1. e4 g6 2. Nf3 Bg7 3. Nc3 d6 4. d4 Nf6 5. Bd2 e6 6. Bd3 Nc6 7. 0-0 Ne7 8. Re1 Nd7 9. Qc1 b6 10. Bh6 0-0 11. Bxg7 Kxg7 12. Qg5 Bb7 13. Re3 f5 14. Nd2 Rf7 15. Rh3 Qf8 16. Re1 fxe4 17. Bxe4 Bxe4 18. Rxe4 Rxf2 19. Qh6+ Kf7 20. Qxh7+ Ke8 21. Nf3 Rxc2 22. Nb5 Rc8 23. Rxe6 Rxb2 24. Qxg6+ Kd8 25. Nxa7 Nxg6 26. Nxc8 Nf4 27. Nxd6 Nxh3+ 28. gxh3 Qg8+ 29. Ng5 Qxg5+ 30. Kf1 Qg2+ 31. Ke1 Qh1# 0-1